Biggest Cities in Belgium - Statistics

General Stats
  • This quiz has been taken 77 times
  • The average score is 9 of 15
Answer Stats
Population City % Correct
181,726 Brussels
100%
525,935 Antwerp
99%
262,219 Ghent
92%
197,327 Liege
90%
118,325 Brugge
85%
202,267 Charleroi
81%
101,624 Louvain
60%
110,779 Namen
57%
95,613 Bergen
56%
119,714 Anderlecht
46%
86,616 Malines
43%
133,309 Schaarbeek
26%
86,445 Alost
25%
86,876 Elsene
10%
97,462 Sint-Jans-Molenbeek
3%
No matching quizzes found
Score Distribution
Percent of People with Each Score
Percentile by Number Answered
Your Score History
You have not taken this quiz